Camille Tarot, Sociologie et anthropologie, de Marcel Mauss, La Découverte, coll. Repères, 2003, 122 pages, 7,05 ? (notice n° 1619101)
[ vue normale ]
| 000 -LEADER | |
|---|---|
| fixed length control field | 00522cam a2200145 4500500 |
| 005 - DATE AND TIME OF LATEST TRANSACTION | |
| control field | 20260111090537.0 |
| 041 ## - LANGUAGE CODE | |
| Language code of text/sound track or separate title | fre |
| 042 ## - AUTHENTICATION CODE | |
| Authentication code | dc |
| 100 10 - MAIN ENTRY--PERSONAL NAME | |
| Personal name | Gruson, Pascale |
| Relator term | author |
| 245 00 - TITLE STATEMENT | |
| Title | Camille Tarot, Sociologie et anthropologie, de Marcel Mauss, La Découverte, coll. Repères, 2003, 122 pages, 7,05 ? |
| 260 ## - PUBLICATION, DISTRIBUTION, ETC. | |
| Date of publication, distribution, etc. | 2003.<br/> |
| 500 ## - GENERAL NOTE | |
| General note | 20 |
| 786 0# - DATA SOURCE ENTRY | |
| Note | Études | 398 | 5 | 2003-05-01 | p. 703s-719s | 0014-1941 |
| 856 41 - ELECTRONIC LOCATION AND ACCESS | |
| Uniform Resource Identifier | <a href="https://shs.cairn.info/revue-etudes-2003-5-page-703s?lang=fr&redirect-ssocas=7080">https://shs.cairn.info/revue-etudes-2003-5-page-703s?lang=fr&redirect-ssocas=7080</a> |
Pas d'exemplaire disponible.




Réseaux sociaux